banner-ar

THE THREE LANGUAGES / (Record no. 13529)

MARC details
000 -الفاتح
حقل البيانات ثابتة الطول 00517nam a2200205Ia 4500
008 - عناصر البيانات ثابتة الطول - معلومات عامة
حقل البيانات ثابتة الطول 140319s9999 xx 000 0 eng d
040 ## - مصدر الفهرسة
وكالة الفهرسة الأصلية GCL /
وكالة النسخ GCL
082 04 - رقم تصنيف ديوى العشرى
رقم التصنيف CH
رقم المادة 823.087
-- G T
100 1# - المدخل الرئيسى - إسم شخصى
الإسم الشخصى GRIMM, JAKOB
245 10 - بيان العنوان
العنوان THE THREE LANGUAGES /
بيان المسئوليه,etc GRIMM, JAKOB
700 1# - المدخل الاضافى - اسم شخصى
الإسم الشخصى GRIMM, WILHELM
700 1# - المدخل الاضافى - اسم شخصى
الإسم الشخصى CHERMAYEFF, IVAN
260 ## - PUBLICATION, DISTRIBUTION, ETC. (IMPRINT)
تاريخ النشر أو التوزيع 1984
300 ## - الوصف المادى
التعداد 32 P
650 04 - المدخل الاضافى بالموضوع-مصطلح موضوعى
مصطلح موضوعي CHILDREN - LITERATURE
650 04 - المدخل الاضافى بالموضوع-مصطلح موضوعى
مصطلح موضوعي CHILDREN
650 04 - المدخل الاضافى بالموضوع-مصطلح موضوعى
مصطلح موضوعي NOVELS
942 ## - عناصر المدخل الإضافي( كوها)
مصدر التصنيف او مخطط الترفيف Dewey Decimal Classification
Koha [default] item type كتاب
260 ## - PUBLICATION, DISTRIBUTION, ETC. (IMPRINT)
-- [S.N] :
-- CREATIVE EDUCATION ،
Holdings
حالة التراجع حالة الفقد حالة تلف ليس للاعارة المكان المؤقت الموقع الحالى تاريخ الاكتساب اجمالي اﻻعارات رقم الطلب الباركود تاريخ اخر مشاهدة تاريخ تفعيل السعر نوع وعاء كوها
        مكتبة القاهرة الكبرى مكتبة القاهرة الكبرى 03/26/2014   CH\823.087\G T 25846 03/26/2014 03/26/2014 كتاب

Powered By

EGPV